| 000 | 00844nam a22002057a 4500 | ||
|---|---|---|---|
| 999 |
_c2421 _d2421 |
||
| 003 | AR-CdUCM | ||
| 008 | 190304b ||||| |||| 00| 0 eng d | ||
| 040 |
_aMUNICIPALIDAD PROVINCIAL DEL CUSCO _cBIBLIOTECA MUNICIPAL DEL CUSCO |
||
| 082 |
_a946.4 / _bC18 |
||
| 100 |
_aC. Calvo, Rossano _98692 |
||
| 245 |
_aSan Sebastían: _bAspectos de Patrimonio, Historia, Etnologia y Folklore / |
||
| 260 |
_aCusco : _bMunicipalidad Distrital de San Sebastián , _c2005. |
||
| 300 |
_a270 páginas ; _c21 cm. |
||
| 505 | _aContenido : Las Ceremonias -- La Propiedad del Trabajo -- Diego Quispe Tito -- La Iglesia de San Sebastián -- Ayarmaka Ayllu -- Los Danzantes -- Danzas en San Sebastián... | ||
| 650 |
_aFolklore Cusqueño _98693 |
||
| 650 |
_aCustumbres Cusqueñas _98694 |
||
| 650 |
_aSan Sebastián _98695 |
||
| 942 |
_2ddc _cLIBROS |
||
| 945 | _artm | ||